| 000 | 00639nam a2200217Ii 4500 | ||
|---|---|---|---|
| 003 | JO-AjNU | ||
| 008 | 230606s9999||||xx |||||||||||||| ||und|| | ||
| 020 | _a978-1-138-00006-3 | ||
| 040 |
_aJO-AjNU _beng _erda _cJO-AjNU |
||
| 041 | _aeng | ||
| 050 | 1 | 4 | _aTC540.T3713 2014 |
| 100 | 3 |
_aTannchev , Ljubomir, _eauthor _95163 |
|
| 245 | 0 | 0 | _aDams and Appurtenant Hydraulic Structures |
| 250 | _a2 ed | ||
| 264 | 3 | 1 | _aNew York :CRC press ,2014 |
| 300 | _a1094p | ||
| 336 |
_atext _btxt _2rdacontent |
||
| 337 |
_aunmediated _bn _2rdamedia |
||
| 338 |
_avolume _bnc _2rdacarrier |
||
| 650 | 4 |
_aDams -Appurtenant Hydraulic Structures _95164 |
|
| 999 |
_aE2669 _c2667 _d2667 |
||